66 domů /

Hlavní autor: Stempel, Jan, 1959-
Další autoři: Tesař, Jan, 1981-, Volf, Petr, 1965-, Pištěk, Petr, 1980-
Jazyk: Čeština
Vydáno: Praha : KANT - Karel Kerlický, 2023-
Edice: Architektura (KANT)
Témata:
Fyzický popis: ^^^svazků : ilustrace (převážně barevné), plány ; 29 cm
Odebírané svazky: 4-
Language note: Anglická resumé
Knihy
Uloženo v:
LEADER 03195nam a2200793 ia4500
001 nkc20253722188
003 CZ PrNK
005 20260303081210.0
007 ta
008 251127m20239999xr ae e 000 0 cze
015 |a cnb003722188  |z cnb003592133 
020 |a 978-80-7437-410-4  |q (4 ;  |q brožováno) 
020 |a 978-80-7437-456-2  |q (5 ;  |q brožováno) 
035 |a (OCoLC)1433647250 
040 |a ABA001  |b cze  |e rda 
041 0 |a cze  |b eng 
043 |a e-xr--- 
045 |a y-y- 
072 7 |a 72  |x Architektura  |2 Konspekt  |9 21 
080 |a 728.3  |2 MRF 
080 |a 72  |2 MRF 
080 |a 72.036/.038  |2 MRF 
080 |a 72.012.2  |2 MRF 
080 |a (437.3)  |2 MRF 
080 |a (048.8)  |2 MRF 
080 |a (084.12)  |2 MRF 
100 1 |a Stempel, Jan,  |d 1959-  |7 xx0052335  |4 aut 
245 1 0 |a 66 domů /  |c Ján Stempel, Jan Jakub Tesař, Petr Volf 
246 3 |a Šedesát šest domů 
264 1 |a Praha :  |b KANT - Karel Kerlický,  |c 2023- 
300 |a ^^^svazků :  |b ilustrace (převážně barevné), plány ;  |c 29 cm 
336 |a text  |b txt  |2 rdacontent 
336 |a statický obraz  |b sti  |2 rdacontent 
337 |a bez média  |b n  |2 rdamedia 
338 |a svazek  |b nc  |2 rdacarrier 
490 1 |a Architektura 
500 |a 4. díl s podnázvem: rekonstrukce 
500 |a Čísla 4-5 na titulních stránkách se vztahují k předchozím dílům vydaným pod názvem 99 domů 
504 |a Obsahuje bibliografické odkazy 
505 1 |a 4. 2023. 413 stran -- 5. 2025. 413 stran / Ján Stempel, Jan Jakub Tesař, Petr Pištěk 
546 |a Anglická resumé 
648 7 |a 21. století  |7 ch460559  |2 czenas 
650 0 7 |a rodinné domy  |7 ph116049  |z Česko  |2 czenas 
650 0 7 |a architektura  |7 ph118586  |z Česko  |y 21. století  |2 czenas 
650 0 7 |a moderní architektura  |7 ph115339  |z Česko  |2 czenas 
650 0 7 |a architektonické projekty  |7 ph137760  |z Česko  |y 21. století  |2 czenas 
650 0 9 |a single family houses  |z Czechia  |2 eczenas 
650 0 9 |a architecture  |z Czechia  |y 21st century  |2 eczenas 
650 0 9 |a modern architecture  |z Czechia  |2 eczenas 
650 0 9 |a architectural projects  |z Czechia  |y 21st century  |2 eczenas 
655 7 |a přehledy  |7 fd133202  |2 czenas 
655 7 |a fotografické publikace  |7 fd132276  |2 czenas 
655 9 |a surveys  |2 eczenas 
655 9 |a photographical works  |2 eczenas 
700 1 |a Tesař, Jan,  |d 1981-  |7 xx0170467  |4 aut 
700 1 |a Volf, Petr,  |d 1965-  |7 jn20000402585  |4 aut 
700 1 |a Pištěk, Petr,  |d 1980-  |7 hka2016912804  |4 aut 
787 0 8 |i Navazuje na:  |t 99 domů 
830 0 |a Architektura (KANT)  |0 s 
910 2 |a BOA001  |b 4-1524.760  |s 4- 
920 |a 006508305  |z OSA001 
920 |a nkc20243592133 
920 |a 001896712 
990 |a BK 
995 |a 01 
996 6 |b 2610970800  |c 4-1524.760  |d 4  |v 4  |l MZK  |r Sklad / do 1 hodiny  |n 0  |p p.v.  |w 002027794  |u 000020  |a 1  |e BOA001  |j MZK50  |s P 
996 6 |b 2610973047  |c 4-1524.760  |d 4  |v 4  |l MZK  |r STM 6p  |n 0  |p kup  |h 728.3 STE  |w 002027794  |u 000030  |a 0  |e BOA001  |j MZK50  |s P 
996 7 |b 2610973048  |c 4-1524.760  |d 4  |v 4  |l Vol.výběr  |r VV 1p  |n 7  |p kup  |h 728.3 STE  |w 002027794  |u 000040  |a 0  |e BOA001  |j MZK50  |s A 
996 7 |b 2610973049  |c 4-1524.760  |d 4  |v 4  |l Vol.výběr  |r VV 1p  |n 8  |p kup  |h 728.3 STE  |w 002027794  |u 000050  |a 0  |e BOA001  |j MZK50  |s A